| 000 | 00387nam a22001697a 4500 | ||
|---|---|---|---|
| 003 | OSt | ||
| 005 | 20211230161203.0 | ||
| 008 | 211230b |||||||| |||| 00| 0 eng d | ||
| 020 | _a9780078050183 | ||
| 040 | _cHU | ||
| 082 | _a306.0973/TAK | ||
| 100 |
_aSOCIAL ISSUES _926441 |
||
| 245 | _aTAKING SIDES | ||
| 260 |
_aNEW YORK _bHILL _c2012 |
||
| 300 | _a441P | ||
| 942 |
_2ddc _cBOOKS _n0 |
||
| 999 |
_c25368 _d25368 |
||